Diálogos / (Record no. 197741)

MARC details
000 -LEADER
campo de control de longitud fija 03161njm a22004934c 4500
001 - NÚMERO DE CONTROL
campo de control 197741
003 - IDENTIFICADOR DE NÚMERO DE CONTROL
campo de control ES-MaACL
005 - FECHA Y HORA DE LA ÚLTIMA TRANSACCIÓN
campo de control 20250903063115.0
007 - CAMPO FIJO DE DESCRIPCIÓN FÍSICA--INFORMACIÓN GENERAL
campo de control de longitud fija sd*fsngnnmmned
008 - DATOS DE LONGITUD FIJA--INFORMACIÓN GENERAL
campo de control de longitud fija 250509s2021 sp fmn d ast
015 ## - NÚMERO DE BIBLIOGRAFÍA NACIONAL
Número de bibliografía nacional SON21
017 ## - NÚMERO DE COPYRIGHT O DE DEPÓSITO LEGAL
Número de copyright o de depósito legal AS 1906-2021
Agencia que asigna Oficina Depósito Legal Asturias
020 ## - NÚMERO INTERNACIONAL ESTÁNDAR DEL LIBRO
Número Internacional Estándar del Libro 9788418482281
024 3# - IDENTIFICADOR DE OTROS ESTÁNDARES
Número estándar o código 9788418482281
035 ## - NÚMERO DE CONTROL DEL SISTEMA
Número de control de sistema (SpMaBN)a7125020
040 ## - FUENTE DE CATALOGACIÓN
Centro catalogador/agencia de origen SpMaBN
Lengua de catalogación spa
Centro/agencia transcriptor SpMaBN
Normas de descripción rda
041 1# - CÓDIGO DE IDIOMA
Código de lengua del texto cantado o hablado ast
-- spa
Código de lengua de los libretos ast
-- spa
Código de idioma del material acompañante/anexo si no son libretos y transcripciones ast
-- spa
245 10 - MENCIÓN DEL TÍTULO
Título Diálogos /
Mención de responsabilidad, etc. Joaquín Pixán ; autoría musical, Joaquín P. Fuertes ; transcripción y autoría pianística, Manuel Pacheco.
Resto del título [Grabación sonora]
250 ## - MENCION DE EDICION
Mención de edición Primera edición
264 #1 - PRODUCCIÓN, PUBLICACIÓN, DISTRIBUCIÓN, FABRICACIÓN Y COPYRIGHT
Producción, publicación, distribución, fabricación y copyright [Oviedo] :
Nombre del de productor, editor, distribuidor, fabricante Servicio de Publicaciones de la Universidad de Oviedo,
Fecha de producción, publicación, distribución, fabricación o copyright [2021].
300 ## - DESCRIPCIÓN FÍSICA
Extensión 1 disco (CD Audio) +
Material acompañante/anejo 1 libro (52 páginas sin numerar)
336 ## - TIPO DE CONTENIDO
Término de tipo de contenido Música interpretada
Fuente rdacontent
337 ## - TIPO DE MEDIO
Nombre/término del tipo de medio audio
Fuente rdamedia
338 ## - TIPO DE SOPORTE
Nombre/término del tipo de soporte disco sonoro
Fuente rdacarrier
344 ## - CARACTERÍSTICAS DE SONIDO
Tipo de grabación digital
Medio de grabación óptico
Configuración de los canales de reproducción estéreo
347 ## - CARACTERÍSTICAS DEL ARCHIVO DIGITAL
Tipo de archivo archivo sonoro
Formato de codificación CD-Audio
500 ## - NOTA GENERAL
Nota general Libro con fotografías de autores e intérpretes, introducciones y letra de los poemas en bable y español
505 0# - NOTA DE CONTENIDO CON FORMATO
Nota de contenido con formato Parte I, nuevas canciones dialogadas: Alcuentru / texto, María Esther García López. Diálogo entre luz y sombra / texto, Xuan Bello. Nací donde los ríos / texto, Ángel Fierro. Xuego de manos ; L.luz de Peñes / texto, Aurelio González Ovies. Más claro el agua / texto, Javier Almuzara. Señardá / texto, María Esther García López. El cantar de la nublina / texto, Xuan Bello. Los glayos del espino ; No amar y noche es lo mismo / texto, Ángel Fierro. La cuestión palpitante / texto, Javier Almuzara -- Intermedio: Fantasía (Son D'Arriba) / música, J.P. Fuertes. Rosa nevada / texto, Antonio Gamoneda -- Parte II, viejas canciones dialogadas: Atapeciendo. Quítate de la esquina. Anque to padre nun quiera. ¿Ónde vas a dar agua?. Ayer vite na fonte. Vaqueiras de caréu
508 ## - NOTA DE CRÉDITOS DE CREACIÓN O PRODUCCIÓN
Nota de créditos de creación o producción Producción de Joaquín Pérez Fuertes para Andante Producciones Culturales, S.L.
511 1# - NOTA DE PARTICIPANTES O INTÉRPRETES
Nota de participantes o intérpretes Joaquín Pixán, David Menéndez, Dolores Granados, Judit Martínez, intérpretes vocales líricos ; Joaquín Pixán, Cristina Sánchez, José Tronco, Lorena Corripio, Luisa Martínez, María Luisa Álvarez, Mari Luz Cristóbal, Patricia Pariente, intérpretes de canto tradicional ; Manuel Pacheco, piano ; Martín Pérez, flauta ; Nel Pérez, clarineta
518 ## - NOTA DE FECHA/HORA Y LUGAR DE UN ACONTECIMIENTO
Nota de fecha/hora y lugar de un acontecimiento Grabado en la Colegiata del Palacio de Revillagigedo (Gijón) en septiembre de 2019
651 #0 - PUNTO DE ACCESO ADICIONAL DE MATERIA--NOMBRE GEOGRÁFICO
Nombre geográfico Asturias (Comunidad Autónoma)
Fuente del encabezamiento o término embne
9 (RLIN) 241304
655 #0 - TERMINO DE INDIZACIÓN--GENERO/FORMA
Datos o término principal de género/forma Canciones tradicionales
Fuente del término tgfbne
9 (RLIN) 241305
655 #0 - TERMINO DE INDIZACIÓN--GENERO/FORMA
Datos o término principal de género/forma Canciones
Fuente del término tgfbne
9 (RLIN) 241306
655 #0 - TERMINO DE INDIZACIÓN--GENERO/FORMA
Datos o término principal de género/forma Adaptaciones musicales
9 (RLIN) 241307
700 1# - ENTRADA AGREGADA--NOMBRE PERSONAL
Nombre de persona Fuertes, Joaquín P
9 (RLIN) 241308
700 1# - ENTRADA AGREGADA--NOMBRE PERSONAL
Nombre de persona Pixán, Joaquín
Fechas asociadas al nombre 1950-
9 (RLIN) 241309
700 1# - ENTRADA AGREGADA--NOMBRE PERSONAL
Nombre de persona Pacheco, Manuel
9 (RLIN) 88127
852 ## - LOCALIZACIÓN
Ubicación ES-MaACL
Ubicación en estantería Depósito J
Número de control de estantería N-10606
Encuadernación Encuadernación cartoné
Donativo/Legado Donación: Editorial
itemnumber 206729
942 ## - ELEMENTOS DE ENTRADA SECUNDARIOS (KOHA)
Tipo de ítem Koha DVD
Suprimir en OPAC No
Holdings
Estatus retirado Estado de pérdida Fuente del sistema de clasificación o colocación Estado de daño No para préstamo Biblioteca de origen Biblioteca actual Ubicación en estantería Fecha de adquisición Fuente de adquisición Total de préstamos Signatura topográfica completa Código de barras Visto por última vez Precio de reemplazo Tipo de ítem Koha
    Clasificación decimal universal     Biblioteca del Ateneo de Madrid Biblioteca del Ateneo de Madrid Depósito J 30/08/2025 Donación   N-10606 2025-1105 30/08/2025 30/08/2025 Libro impreso